Statistics for Americas Map Minesweeper Randomized

Click here to take the quiz!

General Stats

  • This quiz has been taken 276 times
  • The average score is 8 of 11

Answers on the Map

Answers color-coded by a green-red scale on the quiz's map according to % correct below.
 

Answer Stats

Country% Correct
Chile
81%
Chile
81%
Brazil
75%
United States
75%
Argentina
73%
Mexico
73%
Peru
73%
Colombia
65%
Colombia
65%
Paraguay
54%
Venezuela
53%
Venezuela
53%
Uruguay
47%
Honduras
45%
Bolivia
42%
Suriname
41%
Suriname
41%
Guyana
38%
Nicaragua
36%
France
33%
Panama
27%
Ecuador
24%
Ecuador
24%

Score Distribution

Percentile by Number Answered

Percent of People with Each Score

Your Score History

You have not taken this quiz